Normal view
MARC view
Entry Topical Term
001 - CONTROL NUMBER
- control field: 47961
003 - CONTROL NUMBER IDENTIFIER
- control field: dpl
005 - DATE AND TIME OF LATEST TRANSACTION
- control field: 20120525165438.0
008 - FIXED-LENGTH DATA ELEMENTS
- fixed length control field: 120525|||a|||||| | ||| d
040 ## - CATALOGING SOURCE
- Original cataloging agency: dpl
- Transcribing agency: dpl
150 ## - HEADING--TOPICAL TERM
- Topical term or geographic name as entry element: Short stories, Hindi
670 ## - SOURCE DATA FOUND
- Source citation: Work cat.: (dpl): भारद्वाज, शीतांशु 1297, हिन्दी की बिन्दी:, 2012
670 ## - SOURCE DATA FOUND
- Source citation: Work cat.: (dpl): भारद्वाज, शीतांशु 1297, हिन्दी की बिन्दी:, 2012
